Manual de organización del sistema administrativo de la Cámara Nacional de la mediana, pequeña y Microindustria (CONAPI) a nivel nacional

El propósito del presente estudio, es plantear la propuesta de reconversión organizacional del sistema administrativo de CONAPI, para fortalecer el trabajo de la cámara bajo un enfoque organizacional, que le permita tener una mayor incidencia en el fomento de las PYMES. Para ello se abordan los s...

Full description

Bibliographic Details
Main Authors: Altamirano Barreda, Alessandra, Salvatierra Vargas, Cristian María, Valerio Sánchez, Karla Patricia
Other Authors: Tutor: Machado Bello, Xiomara Argentina
Format: Tesis Section = Libro
Language:Undetermined
Spanish
Published: Managua UNI 2000
Subjects:
LEADER 01752nam a2200253Ia 4500
008 240830s9999 xx 000 0 und d
040 |a BIBLIOTECA-RUPAP Mon 658.4 A465 
041 |a spa 
082 |a Mon 658.4 A465 
100 1 |a Altamirano Barreda, Alessandra 
100 1 |b Salvatierra Vargas, Cristian María 
100 1 |c  Valerio Sánchez, Karla Patricia 
245 1 0 |a Manual de organización del sistema administrativo de la Cámara Nacional de la mediana, pequeña y Microindustria (CONAPI) a nivel nacional 
260 |a Managua  |b UNI  |c 2000 
300 |a 117 p. :il. 
500 |a Contiene: anexos. 
502 |a Tesis (Ingeniero de Sistemas)- UNI, 2000. 
520 3 |a El propósito del presente estudio, es plantear la propuesta de reconversión organizacional del sistema administrativo de CONAPI, para fortalecer el trabajo de la cámara bajo un enfoque organizacional, que le permita tener una mayor incidencia en el fomento de las PYMES. Para ello se abordan los siguientes aspectos: descripción del informe técnico que destaca los principales aspectos del sistema que rigen la realización del proyecto, expone un análisis ordenado de las áreas más importantes de áreas más importantes dentro de la situación administrativa, determinando así su estado actual, cubre el entorno de desarrollo del sistema administrativo, como en los agremiados y la misma cámara en su conjunto y abarca los elementos organizacionales claves que podrán agilizar el sistema administrativo al llevarlos a su implementación. 
650 7 |a ORGANIZACIÓN DE EMPRESAS 
650 7 |b ADMINISTRACIÓN - ORGANIZACION (CONAPI) 
700 1 |a Tutor:  |b Machado Bello, Xiomara Argentina 
942 |c BK  |2 ddc 
991 |a TESIS 
999 |c 17179